| 000 | 00999nas a2200337 4500 | ||
|---|---|---|---|
| 001 | BR0003309 | ||
| 003 | BR-BrBNA | ||
| 005 | 20231205101931.0 | ||
| 007 | ta | ||
| 008 | 230509b bl.|||p| |||| 00| 00por d | ||
| 040 |
_aBR-BrBNA _bpor _cBiblioteca Nacional de Agricultura |
||
| 041 | _a(Pt) | ||
| 072 | _aF03 | ||
| 100 | 1 | _aGuidice, M.P. del | |
| 100 | 1 | _aReis, M.S. | |
| 100 | 1 | _aSediyama, C.S. | |
| 100 | 1 | _aSediyama, T. | |
| 100 | 1 | _aMosquim, P.R. | |
| 245 | 1 | _aAvaliacao da qualidade fisiologica de sementes de soja submetidas ao condicionamento osmotico em diferentes temperaturas | |
| 650 | _aSoja | ||
| 650 | _aVariedade | ||
| 650 | _aSemente | ||
| 650 | _aCondicao Ambiental | ||
| 650 | _aTeste de Sementes | ||
| 650 | _aQualidade | ||
| 650 | _aGerminacao | ||
| 650 | _aMinas Gerais | ||
| 773 | 0 |
_tRevista Brasileira de Sementes (Brazil) _xISSN 0101-3122 _g(1998), v. 20(2) p. 254-262 _wBR0003309 |
|
| 909 |
_a202311 _bLúcia _c55 _dLúcia Elande |
||
| 942 |
_2AGRIS _n0 _cANA |
||
| 999 |
_c164791 _d164791 |
||